=LDR 00000nam 2200000 4500 =001 INLIS000000000041603 =005 20130612151127 =008 ***********************************ind** =035 ##$$0010-061300000041603 =041 ##$$a ind =082 ##$$a 813 =100 ##$$a terate, ken =245 ##$$a pieces of joy =260 ##$$a gramedia $b jakarta =300 ##$$a 246 hlm =850 ##$$a NBPNMAT